000 00301nam a22001457a 4500
008 210311b ||||| |||| 00| 0 eng d
020 _a0393954455
041 _aeng
080 _22nd
_a004
082 _a004
100 _a35
101 _aSHKI
245 _aOh! Pascal
_cCooper,D
942 _2udc
_cBK
999 _c56381
_d56381